MARC details
| 000 -CABECERA |
| campo de control de longitud fija |
01279nam a2200217 a 4500 |
| 001 - NÚMERO DE CONTROL |
| campo de control |
000036090 |
| 005 - FECHA Y HORA DE LA ÚLTIMA TRANSACCIÓN |
| campo de control |
20200930074851.0 |
| 008 - DATOS DE LONGITUD FIJA--INFORMACIÓN GENERAL |
| campo de control de longitud fija |
111207s2002 sp 000 0 spa d |
| 020 ## - NÚMERO INTERNACIONAL ESTÁNDAR DEL LIBRO |
| Número Internacional Estándar del Libro |
8478842926 |
| 040 ## - FUENTE DE LA CATALOGACIÓN |
| Centro catalogador/agencia de origen |
DO-SdBNP |
| Lengua de catalogación |
spa |
| Centro/agencia transcriptor |
BNPHU |
| 082 ## - NÚMERO DE LA CLASIFICACIÓN DECIMAL DEWEY |
| Número de clasificación |
863.08 |
| 245 00 - MENCIÓN DE TÍTULO |
| Título |
Con otra mirada : |
| Resto del título |
cuentos hispanos de los Estados Unidos / |
| Mención de responsabilidad, etc. |
Julio G. Arce (Jorge Ulica)...[et.al]. |
| 246 13 - FORMA VARIANTE DE TÍTULO |
| Título propio/Titulo breve |
Cuentos hispanos de los Estados Unidos |
| 260 ## - PUBLICACIÓN, DISTRIBUCIÓN, ETC. |
| Lugar de publicación, distribución, etc. |
Madrid : |
| Nombre del editor, distribuidor, etc. |
Editorial Popular, |
| Fecha de publicación, distribución, etc. |
2002. |
| 300 ## - DESCRIPCIÓN FÍSICA |
| Extensión |
186 p. ; |
| Dimensiones |
22 cm. |
| 490 1# - MENCIÓN DE SERIE |
| Mención de serie |
Letra grande |
| -- |
Maior |
| 500 ## - NOTA GENERAL |
| Nota general |
Incluye notas al pie de las páginas |
| 505 0# - NOTA DE CONTENIDO CON FORMATO |
| Nota de contenido con formato |
La estenógrafa / |
| Mención de responsabilidad |
Julio G. Arce -- |
| Título |
Lázaro volando / |
| Mención de responsabilidad |
Luis F. González-Cruz -- |
| Título |
La comunión / |
| Mención de responsabilidad |
Tomás Rivera -- |
| Título |
Tres generaciones / |
| Mención de responsabilidad |
Rosaura Sánchez -- |
| Título |
Dioses, animalitos y maestros / |
| Mención de responsabilidad |
Lydia Vélez-Román -- |
| Título |
Encrujiada / |
| Mención de responsabilidad |
Roberto G. Fernández -- |
| Título |
Garage sale / |
| Mención de responsabilidad |
Juan Armando Epple -- |
| Título |
Garabatos / |
| Mención de responsabilidad |
Pedro Juan Soto -- |
| Título |
La vaca en la azotea / |
| Mención de responsabilidad |
Lino Novás Calvo -- |
| Título |
Amanda / |
| Mención de responsabilidad |
Roberta Fernández -- |
| Título |
De noche soy tu caballo / |
| Mención de responsabilidad |
Luisa Valenzuela -- |
| Título |
La tejedora de palabras / |
| Mención de responsabilidad |
Rima de Vallbona -- |
| Título |
La noche que volvimos a ser gente / |
| Mención de responsabilidad |
José Luis Gonzále |
| 700 12 - PUNTO DE ACCESO ADICIONAL--NOMBRE DE PERSONA |
| Nombre de persona |
Ulica, Jorge |
| Forma completa/desarrollada del nombre |
Julio G. Arce (Jorge Ulica) |
| 9 (RLIN) |
62126 |
| 830 #0 - PUNTO DE ACCESO ADICIONAL DE SERIE-TÍTULO UNIFORME |
| Título uniforme |
Editorial Popular |
| -- |
Maior |
| 9 (RLIN) |
62127 |